| 000 | 00531nam a22001817a 4500 | ||
|---|---|---|---|
| 003 | OSt | ||
| 005 | 20140310181750.0 | ||
| 008 | 130626t xxu||||| |||| 00| 0 eng d | ||
| 020 | _a9789715182027 | ||
| 050 |
_aPL 6165.4 _b.An635 2009 |
||
| 082 |
_aFIL 372.64 _bAn1 2009 |
||
| 100 | _aAntonio, Joachim | ||
| 245 |
_aAng ampalaya sa pinggan ni Peepo / _cJoachim Antonio, Pergylene Acuña. |
||
| 260 |
_aQuezon, Philippines : _bLampara Books, _c2009. |
||
| 300 |
_a30 p. ; _bill. col. ; _c23 cm. |
||
| 942 |
_2lcc _cBK |
||
| 999 |
_c3183 _d3183 |
||